[Event "NED-chT 0607"]
[Site "Netherlands"]
[Date "2006.12.16"]
[Round "4.3"]
[White "Cuijpers, Frans Andre"]
[Black "De Boer, Sybolt"]
[Result "1-0"]
[WhiteElo "2500"]
[BlackElo "2353"]
[PlyCount "83"]
[EventDate "2006.09.23"]
[EventType "team-tourn"]
[EventRounds "9"]
[EventCountry "NED"]
[SourceTitle "EXT 2008"]
[Source "ChessBase"]
[SourceDate "2007.11.25"]
[SourceVersion "1"]
[SourceVersionDate "2007.11.25"]
[SourceQuality "1"]
[WhiteTeam "Rotterdam SO"]
[BlackTeam "Amstelveen"]
[WhiteTeamCountry "NED"]
[BlackTeamCountry "NED"]

1. e4 e5 2. Nf3 Nc6 3. Bb5 a6 4. Ba4 Nf6 5. Qe2 b5 6. Bb3 Be7 7. 0-0 0-0 8. c3 d6 9. h3 Na5 10. Bc2 c5 11. d4 Qc7 12. d5 Bd7 13. b3 Rfb8 14. Be3 Nb7 15. Nbd2 a5 16. a4 c4 17. bxc4 bxa4 18. Bxa4 Bxa4 19. Rxa4 Nd7 20. Nb3 Bd8 21. Ne1 Qc8 22. Nd3 Nb6 23. Bxb6 Bxb6 24. Rfa1 Qc7 25. Qa2 g6 26. Nb4 Rf8 27. Qe2 f5 28. Nd3 Rf7 29. Nd2 Qd7 30. c5 Nxc5 31. Nxc5 Bxc5 32. Rxa5 Rb8 33. Ra8 Rff8 34. Rxb8 Rxb8 35. exf5 gxf5 36. Kh2 Qf7 37. g4 Qxd5 38. gxf5 Rb2 39. Qg4+ Kf8 40. f6 Kf7 41. Qg7+ Ke6 42. Qg8+ 1-0

[Event "NED-ch62 sf"]
[Site "Hilversum"]
[Date "2006.11.04"]
[Round "1.1"]
[White "De Boer, Sybolt"]
[Black "De Jong, Jan Willem"]
[Result "1/2-1/2"]
[WhiteElo "2351"]
[BlackElo "2435"]
[PlyCount "73"]
[EventDate "2006.11.04"]
[EventType "k.o."]
[EventRounds "3"]
[EventCountry "NED"]
[SourceTitle "EXT 2012"]
[Source "ChessBase"]
[SourceDate "2011.11.24"]
[SourceVersion "1"]
[SourceVersionDate "2011.11.24"]
[SourceQuality "1"]

1. e4 e5 2. Nf3 Nc6 3. Bb5 a6 4. Ba4 Nf6 5. d3 d6 6. c3 g6 7. 0-0 Bg7 8. Re1 0-0 9. Bg5 h6 10. Bh4 b5 11. Bc2 Bb7 12. Nbd2 Nb8 13. b4 a5 14. Nb3 axb4 15. cxb4 Ra6 16. d4 Nbd7 17. Na5 Qa8 18. d5 g5 19. Bb3 gxh4 20. Nxh4 Re8 21. Rc1 Rxa5 22. bxa5 Qxa5 23. Re3 Bc8 24. Nf5 Nc5 25. Qf3 Bxf5 26. Qxf5 Kf8 27. g4 Qa8 28. g5 hxg5 29. Qxg5 Ke7 30. Kh1 Bh8 31. Rxc5 dxc5 32. Rh3 Rg8 33. Qxe5+ Kd7 34. Qf5+ Ke7 35. Qe5+ Kd7 36. Qf5+ Ke7 37. Qe5+ 1/2-1/2

[Event "NED-chT 0607"]
[Site "Netherlands"]
[Date "2006.10.14"]
[Round "2.1"]
[White "Sokolov, Ivan"]
[Black "De Boer, Sybolt"]
[Result "1-0"]
[WhiteElo "2652"]
[BlackElo "2353"]
[PlyCount "53"]
[EventDate "2006.09.23"]
[EventType "team-tourn"]
[EventRounds "9"]
[EventCountry "NED"]
[SourceTitle "CBM 115 Extra"]
[Source "ChessBase"]
[SourceDate "2007.01.10"]
[SourceVersion "1"]
[SourceVersionDate "2007.01.10"]
[SourceQuality "1"]
[WhiteTeam "Groningen Share"]
[BlackTeam "Amstelveen"]
[WhiteTeamCountry "NED"]
[BlackTeamCountry "NED"]

1. d4 Nf6 2. c4 e6 3. Nf3 b6 4. Nc3 Bb7 5. a3 d5 6. cxd5 Nxd5 7. Qc2 Nxc3 8. bxc3 Be7 9. e4 0-0 10. Bd3 c5 11. 0-0 Qc8 12. Qe2 Ba6 13. Rd1 Bxd3 14. Rxd3 Nd7 15. h4 cxd4 16. cxd4 Qc4 17. Bg5 Bxg5 18. hxg5 Rac8 19. Rad1 Qb5 20. Qe3 f5 21. exf5 Qxf5 22. Re1 Rfe8 23. d5 Nc5 24. Rdd1 Rcd8 25. d6 Qf7 26. Ne5 Qb7 27. g6 1-0

[Event "NED-chT 0607"]
[Site "Netherlands"]
[Date "2006.09.23"]
[Round "1.1"]
[White "De Boer, Sybolt"]
[Black "Kritz, Leonid"]
[Result "0-1"]
[WhiteElo "2353"]
[BlackElo "2578"]
[PlyCount "62"]
[EventDate "2006.09.23"]
[EventType "team-tourn"]
[EventRounds "9"]
[EventCountry "NED"]
[SourceTitle "CBM 115 Extra"]
[Source "ChessBase"]
[SourceDate "2007.01.10"]
[SourceVersion "1"]
[SourceVersionDate "2007.01.10"]
[SourceQuality "1"]
[WhiteTeam "Amstelveen"]
[BlackTeam "Calder HMC"]
[WhiteTeamCountry "NED"]
[BlackTeamCountry "NED"]

1. e4 c5 2. Nf3 Nc6 3. Bb5 Qb6 4. Nc3 e6 5. 0-0 Nge7 6. Re1 a6 7. Bxc6 Nxc6 8. e5 d6 9. exd6 Bxd6 10. b3 0-0 11. Ne4 Be7 12. Bb2 f6 13. Ng3 Rd8 14. h4 e5 15. h5 Bf8 16. Qe2 Nd4 17. Bxd4 cxd4 18. c3 dxc3 19. dxc3 Qc6 20. Nh4 Qxc3 21. Nhf5 Qb4 22. Rac1 Bxf5 23. Nxf5 Rac8 24. Rc4 Rxc4 25. bxc4 Qd2 26. Qe4 Qg5 27. Qf3 Qf4 28. Qxf4 exf4 29. Re4 Rd1+ 30. Kh2 g6 31. Nd4 f5 0-1

[Event "Amsterdam ACT op 3rd"]
[Site "Amsterdam"]
[Date "2006.07.23"]
[Round "9"]
[White "Van der Weide, Karel"]
[Black "De Boer, Sybolt"]
[Result "1/2-1/2"]
[WhiteElo "2446"]
[BlackElo "2353"]
[PlyCount "103"]
[EventDate "2006.07.15"]
[EventType "swiss"]
[EventRounds "9"]
[EventCountry "NED"]
[SourceTitle "CBM 113 Extra"]
[Source "ChessBase"]
[SourceDate "2006.09.14"]
[SourceVersion "1"]
[SourceVersionDate "2006.09.14"]
[SourceQuality "1"]

1. e4 e5 2. Nf3 Nc6 3. d4 exd4 4. Nxd4 Nf6 5. Nxc6 bxc6 6. e5 Qe7 7. Qe2 Nd5 8. c4 Nb6 9. Nc3 Qe6 10. Qe4 g6 11. Bd3 Bg7 12. f4 Ba6 13. b3 0-0 14. Ba3 d5 15. cxd5 cxd5 16. Qe2 Bxd3 17. Qxd3 Rfd8 18. 0-0 Rac8 19. Rae1 c5 20. Nb5 f5 21. exf6 Qxf6 22. f5 gxf5 23. Rxf5 Qg6 24. Nxa7 Ra8 25. Nb5 c4 26. Qf3 Re8 27. Rf1 c3 28. h4 Re5 29. Nd4 Re4 30. Nc2 Qg4 31. Qd3 Qe2 32. Rxd5 Qxd3 33. Rxd3 Re2 34. Ne1 Rc8 35. Rg3 Nd5 36. Bc1 Kh8 37. Nf3 h6 38. Rd1 Nb4 39. Rd7 Bf8 40. Kh2 Nxa2 41. Bf4 Rce8 42. h5 R2e7 43. Rxe7 Rxe7 44. Nh4 Re6 45. Rg6 Re4 46. Rc6 Bg7 47. Ng6+ Kg8 48. Rc8+ Kf7 49. Rc7+ Kg8 50. Rc8+ Kf7 51. Rc7+ Kg8 52. Rc8+ 1/2-1/2

[Event "Amsterdam ACT op 3rd"]
[Site "Amsterdam"]
[Date "2006.07.16"]
[Round "2"]
[White "De Boer, Sybolt"]
[Black "Ftacnik, Lubomir"]
[Result "0-1"]
[WhiteElo "2353"]
[BlackElo "2579"]
[PlyCount "120"]
[EventDate "2006.07.15"]
[EventType "swiss"]
[EventRounds "9"]
[EventCountry "NED"]
[SourceTitle "CBM 113 Extra"]
[Source "ChessBase"]
[SourceDate "2006.09.14"]
[SourceVersion "1"]
[SourceVersionDate "2006.09.14"]
[SourceQuality "1"]

1. e4 c5 2. Nf3 d6 3. d4 cxd4 4. Nxd4 Nf6 5. Nc3 a6 6. g3 e5 7. Nb3 b5 8. Bg2 Be7 9. 0-0 0-0 10. a4 b4 11. Nd5 Nxd5 12. Qxd5 Ra7 13. Be3 Be6 14. Qd2 Rb7 15. Rfc1 a5 16. Qd3 Nc6 17. Nd2 Qb8 18. Qa6 Rc8 19. c3 Bd8 20. h3 Bb6 21. Nf1 h6 22. Qd3 bxc3 23. bxc3 Ne7 24. Bxb6 Rxb6 25. Ne3 Rb3 26. Bf1 Qc7 27. Rab1 Rcb8 28. Rxb3 Rxb3 29. Nc4 d5 30. exd5 Nxd5 31. h4 f5 32. Ne3 Nxe3 33. Qxe3 Bf7 34. Bb5 f4 35. gxf4 exf4 36. Qd4 Qe7 37. Qxf4 Rxc3 38. Rxc3 Qe1+ 39. Kh2 Qxc3 40. Qe4 Qd2 41. Kg3 Qd6+ 42. Qf4 Qg6+ 43. Kh2 Bd5 44. f3 Qf7 45. Kg3 Qxf4+ 46. Kxf4 Kf7 47. Kg4 Ke6 48. Kf4 Bb3 49. Ke4 Bc2+ 50. Kd4 Bd1 51. Ke4 Kf6 52. Bc6 Ke6 53. Bb5 Bb3 54. Be8 Bd5+ 55. Kd4 Bxf3 56. Kc5 h5 57. Kb5 Kf5 58. Kxa5 Kg4 59. Kb6 Kxh4 60. a5 Kg3 0-1

[Event "Liechtenstein op 24th"]
[Site "Triesen"]
[Date "2006.05.26"]
[Round "8"]
[White "Pribyl, Josef"]
[Black "De Boer, Sybolt"]
[Result "1/2-1/2"]
[WhiteElo "2429"]
[BlackElo "2342"]
[PlyCount "57"]
[EventDate "2006.05.19"]
[EventType "swiss"]
[EventRounds "9"]
[EventCountry "LIE"]
[SourceTitle "CBM 112 Extra"]
[Source "ChessBase"]
[SourceDate "2006.07.14"]
[SourceVersion "1"]
[SourceVersionDate "2006.07.14"]
[SourceQuality "1"]

1. c4 e6 2. Nc3 Nf6 3. e4 d5 4. e5 d4 5. exf6 dxc3 6. bxc3 Qxf6 7. d4 e5 8. Nf3 exd4 9. cxd4 Bb4+ 10. Bd2 Bxd2+ 11. Qxd2 0-0 12. Be2 Bg4 13. 0-0 Nc6 14. d5 Bxf3 15. Bxf3 Nd4 16. Be4 c5 17. Rab1 Rae8 18. Rfe1 Re7 19. Re3 Rfe8 20. Rbe1 g6 21. Bd3 Kg7 22. Rxe7 Rxe7 23. Rxe7 Qxe7 24. Qe3 Kf8 25. Kf1 Qc7 26. g3 h5 27. h4 a6 28. a4 Qd6 29. Be4 1/2-1/2

[Event "Liechtenstein op 24th"]
[Site "Triesen"]
[Date "2006.05.24"]
[Round "6"]
[White "Mayr, Manfred"]
[Black "De Boer, Sybolt"]
[Result "0-1"]
[WhiteElo "2123"]
[BlackElo "2342"]
[PlyCount "77"]
[EventDate "2006.05.19"]
[EventType "swiss"]
[EventRounds "9"]
[EventCountry "LIE"]
[SourceTitle "CBM 112 Extra"]
[Source "ChessBase"]
[SourceDate "2006.07.14"]
[SourceVersion "1"]
[SourceVersionDate "2006.07.14"]
[SourceQuality "1"]

1. Nf3 Nf6 2. g3 b5 3. Bg2 Bb7 4. 0-0 e6 5. d3 Be7 6. e4 d6 7. a4 b4 8. c3 a5 9. Nbd2 0-0 10. Re1 d5 11. e5 Nfd7 12. Nf1 Na6 13. h4 bxc3 14. bxc3 Nac5 15. Bg5 Ba6 16. d4 Ne4 17. Bxe7 Qxe7 18. Qc2 c5 19. N1d2 Nxd2 20. Nxd2 cxd4 21. cxd4 Rfc8 22. Qb2 Rab8 23. Qa3 Qxa3 24. Rxa3 Rb2 25. Nf3 Rcc2 26. Bf1 Bxf1 27. Rxf1 h6 28. Raa1 Nb6 29. Rac1 Rxc1 30. Rxc1 Nc4 31. Ra1 Kf8 32. Kf1 Ke7 33. Ne1 Kd8 34. Nf3 Kc7 35. g4 g6 36. Ke1 Kb7 37. Rd1 Kc6 38. Nd2 Rb4 39. Nxc4 0-1

[Event "Amsterdam ACT op 2nd"]
[Site "Amsterdam"]
[Date "2005.07.20"]
[Round "5"]
[White "Jonkman, Harmen"]
[Black "De Boer, Sybolt"]
[Result "1/2-1/2"]
[WhiteElo "2454"]
[BlackElo "2320"]
[PlyCount "128"]
[EventDate "2005.07.16"]
[EventType "swiss"]
[EventRounds "9"]
[EventCountry "NED"]
[SourceTitle "CBM 107 Extra"]
[Source "ChessBase"]
[SourceDate "2005.09.01"]
[SourceVersion "1"]
[SourceVersionDate "2005.09.01"]
[SourceQuality "1"]

1. e4 c5 2. c3 d5 3. exd5 Qxd5 4. d4 Nf6 5. Nf3 e6 6. Bd3 Nc6 7. a3 Be7 8. Be3 cxd4 9. cxd4 b6 10. Nc3 Qd6 11. 0-0 Bb7 12. Qe2 0-0 13. Rad1 Rad8 14. Bb1 Rfe8 15. Bc1 g6 16. Rfe1 Qb8 17. h3 Rd7 18. Ba2 Qd8 19. Bg5 Nd5 20. Bxd5 Bxg5 21. Nxg5 Qxg5 22. Qf3 Nxd4 23. Rxd4 Qd8 24. Bxb7 Rxd4 25. Bc6 Rf8 26. Qe3 Rd2 27. Re2 Rxe2 28. Qxe2 Qd4 29. Bf3 Rd8 30. Qd1 Qxd1+ 31. Nxd1 f5 32. Kf1 Rd2 33. Ke1 Rc2 34. Be2 e5 35. Bd3 Rc7 36. Nc3 Kg7 37. Ke2 Kf7 38. h4 Ke6 39. Bb1 e4 40. f4 exf3+ 41. gxf3 Ke5 42. f4+ Ke6 43. Ba2+ Kd7 44. Bg8 Ke8 45. Bd5 Re7+ 46. Kf2 Kf8 47. Bf3 Kg7 48. Nd5 Re8 49. Nb4 h6 50. Nc6 a5 51. Ne5 g5 52. hxg5 hxg5 53. Nc4 Rc8 54. Be2 gxf4 55. Nxb6 Rb8 56. Nc4 Kf6 57. Bd1 Rh8 58. Bf3 Rc8 59. Be2 Rb8 60. Bd1 Rh8 61. b3 Rh2+ 62. Kf3 Rh1 63. Be2 Rh3+ 64. Kxf4 Rxb3 1/2-1/2

[Event "Amsterdam ACT op 2nd"]
[Site "Amsterdam"]
[Date "2005.07.18"]
[Round "3"]
[White "De Boer, Sybolt"]
[Black "Bellini, Fabio"]
[Result "0-1"]
[WhiteElo "2320"]
[BlackElo "2501"]
[PlyCount "84"]
[EventDate "2005.07.16"]
[EventType "swiss"]
[EventRounds "9"]
[EventCountry "NED"]
[SourceTitle "CBM 107 Extra"]
[Source "ChessBase"]
[SourceDate "2005.09.01"]
[SourceVersion "1"]
[SourceVersionDate "2005.09.01"]
[SourceQuality "1"]

1. d4 d5 2. c4 c6 3. Nf3 Nf6 4. Nc3 a6 5. e3 b5 6. b3 Bg4 7. Qc2 e6 8. Bd3 Nbd7 9. Bb2 Bd6 10. Ne2 Qb8 11. c5 Bc7 12. e4 Ba5+ 13. Kf1 dxe4 14. Bxe4 Nd5 15. Ng3 Bxf3 16. Bxf3 N7f6 17. Ne2 Bc7 18. Re1 Ba5 19. Rd1 0-0 20. Nc1 Rc8 21. g3 Ra7 22. Kg2 Re7 23. a3 Nd7 24. Nd3 f6 25. Be4 Nf8 26. Ra1 Bc7 27. Rhe1 Rce8 28. Re2 f5 29. Bf3 a5 30. Rae1 Qd8 31. Bc1 h6 32. h4 Rd7 33. h5 Rde7 34. Kg1 Nh7 35. Bb2 Rf8 36. Qd1 Ng5 37. Bg2 f4 38. Re5 fxg3 39. fxg3 Ref7 40. Rxe6 Bxg3 41. Rxc6 Nf3+ 42. Bxf3 Rxf3 0-1

[Event "NED-ch53 sf"]
[Site "Enschede"]
[Date "1998.01.10"]
[Round "8"]
[White "De Boer, Sybolt"]
[Black "Kerkmeester, Heico"]
[Result "1-0"]
[WhiteElo "2285"]
[BlackElo "2250"]
[PlyCount "81"]
[EventDate "1998.01.03"]
[EventType "swiss"]
[EventRounds "9"]
[EventCountry "NED"]
[SourceTitle "CBM 062 Extra"]
[Source "ChessBase"]
[SourceDate "1998.03.09"]
[SourceVersion "1"]
[SourceVersionDate "1998.03.09"]
[SourceQuality "1"]

1. Nf3 e6 2. g3 f5 3. Bg2 Nf6 4. d4 d5 5. b3 b6 6. 0-0 Bb7 7. c4 Na6 8. cxd5 exd5 9. a3 g6 10. b4 c6 11. Bf4 Bg7 12. Be5 0-0 13. Qb3 Ne4 14. Rd1 Nc7 15. Nc3 Ba6 16. Bxg7 Kxg7 17. Ne5 Qe8 18. e3 c5 19. f4 c4 20. Qb2 Nxc3 21. Qxc3 Bb5 22. g4 Ba4 23. Rdc1 Nb5 24. Qe1 Qe6 25. g5 a6 26. h4 Rfc8 27. h5 Nd6 28. Qh4 Rh8 29. Qh1 Ne4 30. Bxe4 fxe4 31. Ra2 Bd7 32. Rh2 Qf5 33. Rcc2 b5 34. hxg6 hxg6 35. Rh6 Qh3 36. Rxg6+ Kf8 37. Nxd7+ Ke7 38. Rg7+ Kd6 39. Qxh3 Rxh3 40. Ne5 Rxe3 41. f5 1-0

[Event "NED-ch U20"]
[Site "Leiden"]
[Date "1998.??.??"]
[Round "?"]
[White "Van Beek, Lucien"]
[Black "De Boer, Sybolt"]
[Result "1-0"]
[WhiteElo "2190"]
[BlackElo "2285"]
[PlyCount "81"]
[EventDate "1998.??.??"]
[EventType "swiss"]
[EventRounds "9"]
[EventCountry "NED"]
[SourceTitle "EXT 2002"]
[Source "ChessBase"]
[SourceDate "2001.11.25"]
[SourceVersion "1"]
[SourceVersionDate "2001.11.25"]
[SourceQuality "1"]

1. d4 Nf6 2. c4 e5 3. dxe5 Ng4 4. Nf3 Bc5 5. e3 Nc6 6. Bd2 0-0 7. Bc3 Re8 8. Be2 a5 9. 0-0 Ncxe5 10. Nxe5 Nxe5 11. Nd2 Ra6 12. Nf3 Nxf3+ 13. Bxf3 Rh6 14. g3 c6 15. a3 Bb6 16. b4 axb4 17. axb4 Qg5 18. Bd4 Bxd4 19. Qxd4 Qe7 20. Qc3 Rf6 21. Bg2 h5 22. Ra5 h4 23. Rh5 hxg3 24. hxg3 d6 25. Qd4 Rf5 26. Rh4 c5 27. bxc5 dxc5 28. Qd3 Rd8 29. Bd5 b5 30. e4 bxc4 31. Qxc4 Rf3 32. Kg2 Rf6 33. Rfh1 Rh6 34. Rxh6 gxh6 35. Rxh6 Kg7 36. Rh4 f5 37. Qc3+ Kg6 38. Qe3 Rxd5 39. Qh6+ Kf7 40. exd5 Bb7 41. Qh7+ 1-0

[Event "NED-ch U20"]
[Site "Leiden"]
[Date "1998.??.??"]
[Round "?"]
[White "Wunnink, Michael"]
[Black "De Boer, Sybolt"]
[Result "0-1"]
[WhiteElo "2095"]
[BlackElo "2285"]
[PlyCount "60"]
[EventDate "1998.??.??"]
[EventType "swiss"]
[EventRounds "9"]
[EventCountry "NED"]
[SourceTitle "EXT 2002"]
[Source "ChessBase"]
[SourceDate "2001.11.25"]
[SourceVersion "1"]
[SourceVersionDate "2001.11.25"]
[SourceQuality "1"]

1. d4 d5 2. c4 e6 3. Nf3 c6 4. Nc3 f5 5. g3 Nf6 6. Bg2 Bd6 7. 0-0 0-0 8. Bf4 Bxf4 9. gxf4 Nbd7 10. e3 Ne4 11. Ne2 Rf6 12. Ng3 Qe7 13. Rc1 Kh8 14. Qe2 Rh6 15. cxd5 Nxg3 16. hxg3 exd5 17. Ne5 Nxe5 18. fxe5 Be6 19. Rc5 g5 20. b4 a6 21. a4 f4 22. b5 axb5 23. axb5 Qd7 24. bxc6 bxc6 25. Rfc1 Bh3 26. Qf1 f3 27. Bxh3 Rxh3 28. Rxc6 Qg4 29. e4 Rg8 30. Rf6 dxe4 0-1

[Event "Leeuwarden op"]
[Site "Leeuwarden"]
[Date "1997.??.??"]
[Round "1"]
[White "Blees, Albert"]
[Black "De Boer, Sybolt"]
[Result "1-0"]
[WhiteElo "2450"]
[BlackElo "2290"]
[PlyCount "81"]
[EventDate "1997.11.08"]
[EventType "swiss"]
[EventRounds "9"]
[EventCountry "NED"]
[SourceTitle "EXT 1999"]
[Source "ChessBase"]
[SourceDate "1998.11.16"]
[SourceVersion "1"]
[SourceVersionDate "1998.11.16"]
[SourceQuality "1"]

1. Nf3 e6 2. d4 f5 3. g3 d5 4. Bg2 Bd6 5. c4 c6 6. 0-0 Nf6 7. b3 Qe7 8. Bb2 b6 9. Qc2 0-0 10. Ne5 Bb7 11. Nc3 Nbd7 12. cxd5 exd5 13. Qxf5 Nxe5 14. dxe5 Qxe5 15. Qd3 Rad8 16. Rad1 Bb8 17. e4 d4 18. f4 Qh5 19. Qc4+ Kh8 20. Bf3 Qg6 21. Rxd4 Bxf4 22. Rxd8 Rxd8 23. Ne2 Be3+ 24. Kg2 c5 25. e5 Ne4 26. e6 Bg5 27. e7 Bxe7 28. Nf4 Rd2+ 29. Kg1 Qf5 30. Bc3 Nxc3 31. Bxb7 Bf6 32. Kh1 Qc2 33. Bg2 Rd1 34. h3 Rxf1+ 35. Qxf1 h6 36. Kh2 Bd4 37. Qe1 Kh7 38. h4 Kg8 39. h5 Qf5 40. Bh3 Qe5 41. Qf1 1-0

[Event "VAM Hoogeveen op"]
[Site "Hoogeveen"]
[Date "1997.??.??"]
[Round "6"]
[White "De Boer, Sybolt"]
[Black "Hofman, Ron"]
[Result "1-0"]
[WhiteElo "2290"]
[BlackElo "2230"]
[PlyCount "61"]
[EventDate "1997.10.??"]
[EventType "swiss"]
[EventRounds "9"]
[EventCountry "NED"]
[SourceTitle "CBM 060 Extra"]
[Source "ChessBase"]
[SourceDate "1997.11.04"]
[SourceVersion "1"]
[SourceVersionDate "1997.11.04"]
[SourceQuality "1"]

1. d4 Nf6 2. Nf3 c6 3. c4 d5 4. Nc3 e6 5. Bg5 h6 6. Bxf6 Qxf6 7. g3 Nd7 8. Bg2 Qd8 9. 0-0 Be7 10. e4 dxe4 11. Nxe4 0-0 12. Qe2 b6 13. Rad1 Ba6 14. Ne5 Rc8 15. f4 f5 16. Nf2 Nxe5 17. fxe5 Qc7 18. b3 Rcd8 19. g4 Bc8 20. Nh3 fxg4 21. Nf4 Bg5 22. Ng6 Rxf1+ 23. Rxf1 Qd7 24. Rd1 h5 25. h3 Qc7 26. Be4 Bd7 27. Rf1 Bc8 28. Qf2 Qd7 29. Qf8+ Rxf8 30. Rxf8+ Kh7 31. Rh8# 1-0

[Event "Leeuwarden op"]
[Site "Leeuwarden"]
[Date "1997.??.??"]
[Round "9"]
[White "De Boer, Sybolt"]
[Black "Peelen, Piet"]
[Result "0-1"]
[WhiteElo "2290"]
[BlackElo "2350"]
[PlyCount "108"]
[EventDate "1997.11.08"]
[EventType "swiss"]
[EventRounds "9"]
[EventCountry "NED"]
[SourceTitle "EXT 1999"]
[Source "ChessBase"]
[SourceDate "1998.11.16"]
[SourceVersion "1"]
[SourceVersionDate "1998.11.16"]
[SourceQuality "1"]

1. e4 c6 2. Nc3 d5 3. d4 dxe4 4. Nxe4 Bf5 5. Ng3 Bg6 6. h4 h6 7. Nh3 Nf6 8. Nf4 Bh7 9. Bd3 Qxd4 10. Be3 Qa4 11. Bxh7 Rxh7 12. Qd3 Qa5+ 13. Bd2 Qe5+ 14. Nge2 Nbd7 15. 0-0-0 0-0-0 16. Qa3 e6 17. Qxa7 Bc5 18. Qa8+ Qb8 19. Qxb8+ Nxb8 20. f3 Nbd7 21. Nd3 Bd6 22. h5 Ne5 23. Ba5 Rd7 24. Nxe5 Bxe5 25. Rxd7 Nxd7 26. Rd1 Rh8 27. Bd2 Kc7 28. Bf4 Bxf4+ 29. Nxf4 Ra8 30. a3 Ra4 31. Nd3 Rh4 32. g4 Rh3 33. Rf1 Kd6 34. Rf2 Ne5 35. Nxe5 Kxe5 36. Kd2 Kf4 37. Ke2 b5 38. Rf1 f5 39. Rg1 Rh2+ 40. Kd3 Kxf3 41. gxf5 exf5 42. Rxg7 f4 43. Rg6 Rxh5 44. c4 bxc4+ 45. Kxc4 Rh1 46. a4 Ke4 47. a5 f3 48. Rf6 Rc1+ 49. Kb4 Ra1 50. Rxh6 f2 51. Rf6 f1Q 52. Rxf1 Rxf1 53. Kc5 Rc1+ 54. Kb6 Kd5 0-1

[Event "VAM Hoogeveen op"]
[Site "Hoogeveen"]
[Date "1997.??.??"]
[Round "9"]
[White "Van Haastert, Edwin"]
[Black "De Boer, Sybolt"]
[Result "1-0"]
[WhiteElo "2345"]
[BlackElo "2290"]
[PlyCount "83"]
[EventDate "1997.10.??"]
[EventType "swiss"]
[EventRounds "9"]
[EventCountry "NED"]
[SourceTitle "CBM 060 Extra"]
[Source "ChessBase"]
[SourceDate "1997.11.04"]
[SourceVersion "1"]
[SourceVersionDate "1997.11.04"]
[SourceQuality "1"]

1. e4 c5 2. Nf3 e6 3. d4 cxd4 4. Nxd4 Nc6 5. Nc3 Qc7 6. f4 a6 7. Nxc6 Qxc6 8. Bd3 b5 9. Qe2 Bb7 10. Bd2 Be7 11. a3 Qb6 12. Be3 Qc7 13. e5 g6 14. 0-0 h5 15. Qf2 Nh6 16. Bb6 Qc8 17. Ne4 Nf5 18. Rfc1 Bd5 19. Bc5 Bh4 20. g3 Qc6 21. Re1 Rc8 22. b4 Be7 23. Bxe7 Kxe7 24. Rad1 Bxe4 25. Bxe4 Qc4 26. Qa7 Rhd8 27. Qxa6 h4 28. g4 d5 29. gxf5 gxf5 30. Bf3 Rg8+ 31. Kh1 Qxf4 32. Qa7+ Kf8 33. Qe3 Qxe3 34. Rxe3 Rxc2 35. Rg1 Rxg1+ 36. Kxg1 f4 37. Rd3 Rc4 38. Kg2 Kg7 39. Kh3 Kg6 40. Kg4 h3 41. Rd2 Rc3 42. Ra2 1-0